Szczegóły MARC21

Ein Zeitalter wird besichtigt : [Erinnerungen] /

003 -Nazwa inst., której nr kontr. jest w polu 001 [,]
    • @
    • Nazwa instytucji, której n kontrolny jest w polu 001
    • NUKAT
005 -DATA I CZAS OSTATNIEJ MODYFIKACJI [,]
    • @
    • pole kontrolne
    • 20260429180939.0
020 -Międzynarod. znormalizowany nr książki - ISBN [ , ]
    • a
    • Numer ISBN
    • 3596259290 Find
040 -Instytucja sporządzająca opis [ , ]
    • a
    • Instytucja, która sporządziła opis (NP)
    • TOR U/AP
    • c
    • Instytucja, która sporządziła rekord (NP)
    • TOR U/AP
    • d
    • Instytucja, która zmodyfikowała rekord (P)
    • TOR U/AP
942 -Rodzaj dokumentu [ , ]
    • c
    • Rodzaj dokumentu
    • Książka
100 -Hasło główne - nazwa osobowa [1, ]
    • a
    • Nazwa osobowa (NP)
    • Mann, Heinrich
    • d
    • Daty biograficzne (NP)
    • (1871-1950).
    • 9
    • KHW
    • 18458
245 -Strefa tytułu i oznaczenia odpowiedzialności [1,4]
    • a
    • Tytuł
    • Ein Zeitalter wird besichtigt : Find
    • b
    • Ciąg dalszy tytułu (NP)
    • [Erinnerungen] / Find
    • c
    • Pozostałe elementy strefy tytułu i oznaczenia odpowiedzialności (NP)
    • Heinrich Mann ; mit einem Nachwort von Klaus Schröter und einem Materialenanhang, zusammengestellt von Peter-Paul-Schneider.
250 -Strefa wydania [ , ]
    • a
    • Oznaczenie wydania (NP)
    • Ungerkürzte Ausgabe.
260 -Strefa adresu wydawniczego [ , ]
    • a
    • Miejsce wydania (P)
    • Frankfurt am Main :
    • b
    • Nazwa wydawcy (P)
    • Fischer Taschenbuch Verlag,
    • c
    • Data wydania (P)
    • 1988.
300 -Strefa opisu fizycznego [ , ]
    • a
    • Określenie formy książki i/lub objętość (NP)
    • 760, [1] s. :
    • b
    • Oznaczenie ilustracji (NP)
    • il. ;
    • c
    • Format (NP)
    • 18 cm.
336 -Typ zawartości [ , ]
    • a
    • Termin opisujący typ zawartości
    • Tekst
    • b
    • Kod określający zawartość
    • txt
    • 2
    • Źródło (terminu i kodu)
    • rdacontent
337 -Typ mediów [ , ]
    • a
    • Tryb odtwarzania
    • Bez urządzenia pośredniczącego
    • b
    • Kod typu mediów
    • n
    • 2
    • Źródło (terminu i kodu)
    • rdamedia
338 -Typ/rodzaj nośnika [ , ]
    • a
    • Hasło opisujące typ nośnika
    • Wolumin
    • b
    • Kod typu nośnika
    • nc
    • 2
    • Źródło (terminu i kodu)
    • rdacarrier
380 -Deskryptor - Forma dzieła (P) [ , ]
    • a
    • forma dzieła (NP)
    • Książki
380 -Deskryptor - Forma dzieła (P) [ , ]
    • a
    • forma dzieła (NP)
    • Literatura faktu, eseje, publicystyka
388 -Deskryptor - czas powstania dzieła (P) [1, ]
    • a
    • Czas powstania dzieła (NP)
    • 1901-2000
388 -Deskryptor - czas powstania dzieła (P) [1, ]
    • a
    • Czas powstania dzieła (NP)
    • 1945-1989
490 -Strefa serii i książki wielotomowej - forma nie do wyszukiwania [1, ]
    • a
    • Tytuł (P)
    • Fischer-Taschenbuch ; Find
    • v
    • Numeracja (P)
    • 5929
490 -Strefa serii i książki wielotomowej - forma nie do wyszukiwania [1, ]
    • a
    • Tytuł (P)
    • Studienausgabe in Einzelbänden / Heinrich Mann Find
830 -Hasło dodatkowe serii i opisu książki wielotomowej - tytuł ujednolicony/tytuł [ ,0]
    • a
    • Tytuł ujednolicony/tytuł (NP)
    • Fischer-Taschenbücher
    • x
    • ISSN
    • 0173-5438
    • v
    • Oznaczenie tomu (NP)
    • Bd. 5929
    • 9
    • KHW
    • 12187
080 -Uniwersalna Klasyfikacja Dziesiętna [ , ]
    • a
    • Symbol klasyfikacji
    • 830-4=30
600 -Hasło przedmiotowe w formie nazwy osobowej [1,7]
    • a
    • Nazwa osobowa
    • Mann, Heinrich
    • d
    • Daty związane z nazwą
    • (1871-1950)
    • 2
    • Źródło terminu
    • DBN
    • 9
    • KHW
    • 746389
648 -Hasło przedmiotowe - chronologia [ ,7]
    • a
    • Deskryptor chronologiczny
    • 1701-1800
    • 2
    • Źródło terminu
    • DBN
    • 9
    • KHW
    • 720982
648 -Hasło przedmiotowe - chronologia [ ,7]
    • a
    • Deskryptor chronologiczny
    • 1801-1900
    • 2
    • Źródło terminu
    • DBN
    • 9
    • KHW
    • 721135
648 -Hasło przedmiotowe - chronologia [ ,7]
    • a
    • Deskryptor chronologiczny
    • 1901-2000
    • 2
    • Źródło terminu
    • DBN
    • 9
    • KHW
    • 721448
650 -Hasło przedmiotowe [ ,7]
    • a
    • Hasło przedmiotowe
    • Emigracja polityczna
    • 2
    • Źródło terminu
    • DBN
    • 9
    • KHW
    • 739149
650 -Hasło przedmiotowe [ ,7]
    • a
    • Hasło przedmiotowe
    • Intelektualiści i intelektualistki
    • 2
    • Źródło terminu
    • DBN
    • 9
    • KHW
    • 729385
650 -Hasło przedmiotowe [ ,7]
    • a
    • Hasło przedmiotowe
    • Konformizm
    • 2
    • Źródło terminu
    • DBN
    • 9
    • KHW
    • 723919
650 -Hasło przedmiotowe [ ,7]
    • a
    • Hasło przedmiotowe
    • Nazizm
    • 2
    • Źródło terminu
    • DBN
    • 9
    • KHW
    • 721884
650 -Hasło przedmiotowe [ ,7]
    • a
    • Hasło przedmiotowe
    • Republika Weimarska (1918-1933)
    • 2
    • Źródło terminu
    • DBN
    • 9
    • KHW
    • 733633
651 -Hasło przedmiotowe w formie nazwy geograficznej [ ,7]
    • a
    • Nazwa geograficzna
    • Europa
    • 2
    • Źródło terminu
    • DBN
    • 9
    • KHW
    • 721720
651 -Hasło przedmiotowe w formie nazwy geograficznej [ ,7]
    • a
    • Nazwa geograficzna
    • Niemcy
    • 2
    • Źródło terminu
    • DBN
    • 9
    • KHW
    • 721719
655 -Hasło w funkcji tematu formalnego [ ,7]
    • a
    • Hasło
    • Pamiętniki i wspomnienia
    • 2
    • Źródło terminu
    • DBN
    • 9
    • KHW
    • 723322
658 -Ujęcie treści [ , ]
    • a
    • dziedzina nauki i sztuki/ sfera aktywności życiowej
    • Historia
658 -Ujęcie treści [ , ]
    • a
    • dziedzina nauki i sztuki/ sfera aktywności życiowej
    • Polityka, politologia, administracja publiczna
658 -Ujęcie treści [ , ]
    • a
    • dziedzina nauki i sztuki/ sfera aktywności życiowej
    • Socjologia i społeczeństwo
980 -Symbol UKD [ , ]
    • a
    • UKD
    • 830-4=30
700 -Hasło dodatkowe - nazwa osobowa [1, ]
    • a
    • Nazwa osobowa (NP)
    • Schröter, Klaus Find
    • d
    • Daty biograficzne (NP)
    • (1931-2017).
    • e
    • Określenie rodzaju współpracy
    • Posł.
    • 9
    • KHW
    • 460164
700 -Hasło dodatkowe - nazwa osobowa [1, ]
    • a
    • Nazwa osobowa (NP)
    • Schneider, Peter-Paul Find
    • d
    • Daty biograficzne (NP)
    • (1949- ).
    • e
    • Określenie rodzaju współpracy
    • Oprac.
    • 9
    • KHW
    • 62518
800 -Hasło dodatkowe opisu książki wielotomowej - nazwa osobowa [1, ]
    • a
    • Nazwa osobowa (NP)
    • Mann, Heinrich
    • d
    • Daty biograficzne (NP)
    • (1871-1950).
    • t
    • Tytuł ujednolicony/tytuł (NP)
    • Studienausgabe in Einzelbänden
    • 9
    • KHW
    • 459934
920 -ISBN [ , ]
    • a
    • ISBN
    • 3-596-25929-0 Find
Sygnatura Status udost. Numer inwentarzowy Lokalizacja Data inwentaryzacji
Germ. Literatura niemiecka-3G.8740BM1997-01-01